=LDR 00000nam 2200000 4500 =001 NUTBA000000000001028 =005 20140408152212.0 =006 =007 =008 =035 ##$$a 0010-041400000000298 =082 ##$$a370.1 =100 ##$$aPRAYITNO =245 ##$$aDASAR-DASAR DAN PRAKSIS PENDIDIKAN =260 ##$$a JAKARTA $b GRAFINDO $c 2009 =440 ##$$aDASAR-DASAR DAN PRAKSIS PENDIDIKAN =700 ##$$a PRAYITNO =990 ##$$a 93240/BPAP-NTB/2014